000 00739nam a2200289Ia 4500
005 20260324134639.0
008 008 260324s9999 xx 000 0 eng d
020 _a9780203164532
037 _aEBOOK
040 _aCRL
040 _beng
040 _cCRL
041 _2eng
041 _aeng
084 _qCRL
100 _aRussell Schiller
_91197619
245 4 _aThe Dynamics of Property Location
245 0 _bValue and the Factors which Drive the Location of Shops, Offices and Other Land Uses
260 _bTaylor and Francis
260 _c2001
365 _a
365 _b370
856 _uhttp://www.taylorfrancis.com/books/9780203164532
942 _cEBOOK
999 _c1797906
_d1797906